000
00321nam a2200133Ia 4500
008
150301s2015 xx 000 0 und d
082
_a
615.19
_b
P14H
100
_a
HURTHY, T.E.GOPALA K
245
_a
PHARMACEUTICAL STATISTICS
260
_b
PHARMA MED PRESS
300
_a
477
650
_a
PHARMACEUTICS
942
_2
ddc
_c
BK
999
_c
7374
_d
7374